Central Library OPAC University of Rajshahi

3000 years of urban growth / (Record no. 1736)

MARC details
000 -LEADER
fixed length control field 01000cam a22002891 4500
001 - CONTROL NUMBER
control field 1736
003 - CONTROL NUMBER IDENTIFIER
rucl marc code BD-RjUL
005 - DATE AND TIME OF LATEST TRANSACTION
control field 20211208233412.0
008 - FIXED-LENGTH DATA ELEMENTS--GENERAL INFORMATION
fixed length control field 131209s1974 nyub b 001 0 eng d
035 ## - SYSTEM CONTROL NUMBER
System control number (BD-RjUL)1763
040 ## - CATALOGING SOURCE
Original cataloging agency DLC
Transcribing agency DLC
Modifying agency DLC
-- BD-RjUL
Language of cataloging eng
041 ## - LANGUAGE CODE
Language code of text/sound track or separate title eng
082 04 - DEWEY DECIMAL CLASSIFICATION NUMBER
Edition number 20
Classification number 304.8
Author mark and year CHY
100 1# - MAIN ENTRY--PERSONAL NAME
Personal name Chandler, Tertius.
9 (RLIN) 5744
245 10 - TITLE STATEMENT
Title 3000 years of urban growth /
Statement of responsibility, etc. Tertius Chandler [and] Gerald Fox. With a foreword by Lewis Mumford.
260 ## - PUBLICATION, DISTRIBUTION, ETC. (IMPRINT)
Place of publication, distribution, etc. New York :
Name of publisher, distributor, etc. Academic Press,
Date of publication, distribution, etc. c1974.
300 ## - PHYSICAL DESCRIPTION
Pagination ix, 431 p. :
Illustrations maps. ;
Size 27 cm.
490 0# - SERIES STATEMENT
Series statement Studies in population
504 ## - BIBLIOGRAPHY, ETC. NOTE
Bibliography, etc Includes index andBibliography: p. 385-413.
650 #0 - SUBJECT ADDED ENTRY--TOPICAL TERM
Topical term or geographic name as entry element Population.
9 (RLIN) 5745
Topical term or geographic name as entry element Cities and towns
General subdivision Growth.
9 (RLIN) 5746
700 1# - ADDED ENTRY--PERSONAL NAME
Personal name Fox, Gerald,
Dates associated with a name 1939-
Relator term joint author.
856 ## - ELECTRONIC LOCATION AND ACCESS
Materials specified worldcat details
Uniform Resource Identifier <a href="http://www.worldcat.org/title/3000-years-of-urban-growth/oclc/913015&referer=brief_results">http://www.worldcat.org/title/3000-years-of-urban-growth/oclc/913015&referer=brief_results</a>
942 ## - ADDED ENTRY ELEMENTS (KOHA)
Source of classification or shelving scheme Dewey Decimal Classification
Koha item type Books
Holdings
Lost status Source of classification or shelving scheme Damaged status Not for loan Collection code Permanent Location Current Location Shelving location Date acquired Source of acquisition Cost, normal purchase price Total Checkouts Full call number Date last seen Copy number Koha item type
  Dewey Decimal Classification     Non-fiction Central Library, University of Rajshahi Central Library, University of Rajshahi   27/05/1985 Tulip Corporation. 85.00   304.8 CHY 1974 09/12/2013 C-2 Books
  Dewey Decimal Classification   Not For Loan Non-fiction Central Library, University of Rajshahi Central Library, University of Rajshahi Reading Room 27/05/1985 Tulop Enterprises 85.00   304.8 CHY 1974 17/05/2014 C-1 Books